Geography Quiz

Random Geography or State Quiz

States by First Letter Blitz Quiz Stats

 Plays Quiz Updated Jul 10, 2018

Score 0/50 Timer 01:00
5 Plays Today
Letter State % Correct
AAlabama
98.5%
AAlaska
98.5%
AArizona
98.5%
AArkansas
98.4%
CCalifornia
94.3%
CColorado
94.3%
CConnecticut
94.3%
IIdaho
92.3%
IIllinois
92.3%
IIndiana
92.3%
IIowa
92.3%
MMaine
89.9%
MMaryland
89.8%
MMassachusetts
89.8%
MMichigan
89.8%
MMinnesota
89.8%
MMississippi
89.8%
MMissouri
89.8%
MMontana
89.8%
NNebraska
89.4%
NNevada
89.4%
NNew Hampshire
89.4%
NNew Jersey
89.4%
NNew Mexico
89.4%
NNew York
89.4%
Letter State % Correct
NNorth Carolina
89.4%
NNorth Dakota
89.4%
KKansas
87.8%
KKentucky
87.8%
DDelaware
87.1%
GGeorgia
86.3%
FFlorida
85.2%
OOhio
84.6%
OOklahoma
84.6%
OOregon
84.6%
HHawaii
79.8%
LLouisiana
73%
TTexas
68.6%
TTennessee
68.6%
WWashington
67.5%
WWest Virginia
67.5%
WWisconsin
67.5%
WWyoming
67.5%
VVermont
64.1%
VVirginia
64.1%
RRhode Island
63.8%
SSouth Carolina
63.6%
SSouth Dakota
63.6%
UUtah
62.7%
PPennsylvania
62.6%

You're not logged in!

Compare scores with friends on all Sporcle quizzes.
OR
Log In

Sporcle TV

Today on Sporcle TV


Watch our educational content, quiz creation guides, and fun videos on Sporcle TV.

Show Comments

Extras

Top Quizzes Today


Score Distribution

Your Account Isn't Verified!

In order to create a playlist on Sporcle, you need to verify the email address you used during registration. Go to your Sporcle Settings to finish the process.

Report this User

Report this user for behavior that violates our Community Guidelines.

Details: